000
00147nam a2200061Ia 4500
999
_c
10464
_d
10464
003
OSt
005
20230408143106.0
008
170523s9999 xx 000 0 und d
040
_c
IIMT UNIVERSITY
100
_a
NARAYANSWAMY R
245
0
_a
FINANCIAL ACCOUNTING
260
_a
NEW DELHI
_b
PHI
_c
2011
300
_a
680
942
_2
ddc
_c
02